Bioseparation Process in Foods (Record no. 14615)
[ view plain ]
| 000 -LEADER | |
|---|---|
| fixed length control field | 00286nam a22001217a 4500 |
| 020 ## - INTERNATIONAL STANDARD BOOK NUMBER | |
| ISBN | 8189729039 |
| 082 ## - DEWEY DECIMAL CLASSIFICATION NUMBER | |
| Classification number | 664.02. |
| Item number | BAN/BI |
| 245 ## - TITLE STATEMENT | |
| Title | Bioseparation Process in Foods |
| 260 ## - PUBLICATION, DISTRIBUTION, ETC. (IMPRINT) | |
| Place of publication | New Delhi |
| Name of publisher | Gene - Tech Books |
| Year of publication | 2012 |
| 300 ## - PHYSICAL DESCRIPTION | |
| Number of Pages | 278 |
| 700 ## - ADDED ENTRY--PERSONAL NAME | |
| Personal name | Bansal, P.B. |
| 942 ## - ADDED ENTRY ELEMENTS (KOHA) | |
| Koha item type | Books |
| Withdrawn status | Lost status | Damaged status | Collection code | Home library | Current library | Shelving location | Date acquired | Source of acquisition | Cost, normal purchase price | Full call number | Accession Number | Koha item type |
|---|---|---|---|---|---|---|---|---|---|---|---|---|
| KAUAET | KAUAET | General Stacks | 21/07/2016 | Universal Research Books | 950.00 | 664.02. BAN/BI | 24275 | Books | ||||
| KAUAET | KAUAET | KAU- SC Sub plan | 31/03/2022 | TBS | 950.00 | 664.02. BAN/BI | 26054 | Books |
